Joint Memorandum To Parliament By Ken Ofori Atta ( Minister for Finance) And Hon. Dr. kwaku Afriyie MP Minister For Environment Science, Technology And Innovations On A US (Record no. 3382)

MARC details
000 -LEADER
fixed length control field 00863nam a2200145Ia 4500
008 - FIXED-LENGTH DATA ELEMENTS--GENERAL INFORMATION
fixed length control field 240429s9999||||xx |||||||||||||| ||und||
041 ## - LANGUAGE CODE
Language code of text/sound track or separate title eng
082 ## - DEWEY DECIMAL CLASSIFICATION NUMBER
Classification number CR/WACARIP/23
100 ## - MAIN ENTRY--PERSONAL NAME
Personal name Parliament of Ghana
245 #0 - TITLE STATEMENT
Title Joint Memorandum To Parliament By Ken Ofori Atta ( Minister for Finance) And Hon. Dr. kwaku Afriyie MP Minister For Environment Science, Technology And Innovations On A US
-- 50.0 Million International Development Bank Association Credit And US
-- 5.0 Million Grant From Problue Trust Fund For The West Africa Coastal Areas Resilience Investment Project 2023
300 ## - PHYSICAL DESCRIPTION
Extent 17p:tabs
650 ## - SUBJECT ADDED ENTRY--TOPICAL TERM
Topical term or geographic name entry element Memorandum To Parliament - US
Real World Object URI 50.0 Million International Development Bank Association Credit And US
-- 5.0 Million Grant - Problue Trust Fund For The West Africa Coastal Areas Resilience Investment Project 2023 - AR
942 ## - ADDED ENTRY ELEMENTS (KOHA)
Koha item type Memorandum
Holdings
Withdrawn status Lost status Damaged status Not for loan Home library Current library Shelving location Date acquired Total checkouts Full call number Date last seen Copy number Price effective from Koha item type
        Main Library Main Library Open Shelves 21/08/2023   CR/WACARIP/23 6548 C - CR/WACARIP/23 6549 C 29/04/2024 1 29/04/2024 Memorandum
©2026  Parliament of Ghana Library - All rights reserved